Volcanoes (Record no. 6793)

MARC details
000 -LEADER
fixed length control field 00990nam a22002657a 4500
001 - CONTROL NUMBER
control field 6793
003 - CONTROL NUMBER IDENTIFIER
control field FISKH
005 - DATE AND TIME OF LATEST TRANSACTION
control field 20250528141456.0
008 - FIXED-LENGTH DATA ELEMENTS--GENERAL INFORMATION
fixed length control field 250528b cb ||||| |||| 00| 0 eng d
020 ## - INTERNATIONAL STANDARD BOOK NUMBER
International Standard Book Number 9781740898256
040 ## - CATALOGING SOURCE
Original cataloging agency FISKH
Language of cataloging eng
Transcribing agency FISKH
Modifying agency FISKH
050 ## - LIBRARY OF CONGRESS CALL NUMBER
Classification number QE521.C68
082 ## - DEWEY DECIMAL CLASSIFICATION NUMBER
Classification number 551.21
100 ## - MAIN ENTRY--PERSONAL NAME
Personal name Coupe, Robert
245 ## - TITLE STATEMENT
Title Volcanoes
Statement of responsibility, etc. by Robert Coupe
260 ## - PUBLICATION, DISTRIBUTION, ETC.
Place of publication, distribution, etc. Sydney :
Name of publisher, distributor, etc. Weldon Owen,
Date of publication, distribution, etc. 2008
300 ## - PHYSICAL DESCRIPTION
Extent 32 pages :
Other physical details color illustrations ;
Dimensions 23 cm
505 ## - FORMATTED CONTENTS NOTE
Formatted contents note R<br/>
520 ## - SUMMARY, ETC.
Summary, etc. "Even though the ground may seem solid and still, the earth is actually never at rest. Its surface is constantly shifting, and beneath that churns a layer of molten magma. This book erupts with sizzling information about volcanoes, their study, and some of the deadliest eruptions in history"--Provided by the publisher.
521 8# - TARGET AUDIENCE NOTE
Target audience note 660<br/>
Source Lexile estimate <br/>
521 8# - TARGET AUDIENCE NOTE
Target audience note R<br/>
Source Raz-Plus<br/>
650 ## - SUBJECT ADDED ENTRY--TOPICAL TERM
Topical term or geographic name entry element Volcanoes
Form subdivision Science
942 ## - ADDED ENTRY ELEMENTS (KOHA)
Source of classification or shelving scheme Dewey Decimal Classification
Koha item type Books
Suppress in OPAC No
Holdings
Withdrawn status Lost status Source of classification or shelving scheme Damaged status Not for loan Collection Home library Current library Shelving location Date acquired Total Checkouts Full call number Barcode Date last seen Date last checked out Copy number Price effective from Koha item type
    Dewey Decimal Classification     Non-Fiction Footprints International School Library Network Toul Kork Campus Footprints International School Library Network Toul Kork Campus TK Primary Library Room(4th Floor), Bookcase 5&6, Shelves 33-56, Orange Books 05/28/2025 1 COU 551.21 QE521.C68 FISTK01047 12/08/2025 12/08/2025 1 05/28/2025 Books
    Dewey Decimal Classification     Non-Fiction Footprints International School Library Network Toul Tom Poung Campus Footprints International School Library Network Toul Tom Poung Campus TTP Primary Orange Bookshelves 06/20/2025   COU 551.21 QE521.C68 FIS01466 06/20/2025   2 06/20/2025 Books